1913 1701 1556 1655 1552 1377 1695 1509 1906 1654 1946 1896 1458 1947 1688 1559 1389 1373 1262 1359 1120 1485 1716 1656 1948 1330 1029 1184 1503 1509 1202 1791 1329 1536 1191 1405 1631 1127 1885 1968 1093 1726 1524 1611 1041 1218 1188 1836 1172 1108 1266 1676 1404 1243 1587 1121 1510 1804 1757 1060 1534 1042 1287 1239 1248 1823 1861 1411 1303 1554 1866 1571 1523 1408 1790 1078 1748 1046 1998 1494 1633 1760 1817 1759 1825 1009 1989 1065 1956 1792 1944 1068 1991 1727 1400 1233 1538 1527 1164 BCNSPRNW ULIB Ver.6.0+V

เปลี่ยนเป็นภาษาไทย

Change to English
 แสดงรายละเอียดบรรณานุกรม
  กลับหน้าหลัก

Brief Record : Get Marc (ISO 2709) : E-mail record : QR code < ปิดหน้าต่าง
LEADER : 00000nam 2200000uu 4500
001    13399108228
003     ULIB
008    110221s2545||||th 000 0 tha d
020    9747150352
060  4 WS125^bศ464ล 2545
100 0  ศิริพัฒนา ศิริธนารัตนกุล
245 00 พัฒนาสมองด้วยนมแม่:วิถีแห่งธรรมชาติ/^cศิริพัฒนา ศิริธนารัตนกุล
250    พิมพ์คร้งที่ 1
260    กรุงเทพฯ:^bบริษัท แปลน พับลิชชิ่ง จำกัด,^c2545
300    143 หน้า:^bภาพประกอบ
650  7 นมแม่
650  7 การเลี้ยงลูก
945    ^p115^l0^i015275
945    ^p115^l0^i015274
945    ^p115^l0^i015273
995    ทศพร
999 ^a ใช้งานได้ทุกระบบ
รายการนี้ยังไม่มีแท็ก
คุณยังไม่ได้ล็อกอิน คุณสามารถมีกิจกรรมร่วมกับเว็บไซต์ได้ แต่ต้องล็อกอินก่อน ::
  ล็อกอิน

รายการสื่อสารสนเทศ

ลำดับที่ ประเภท เลขเรียก/บาร์โค้ด สถานที่ สถานะ
- ไม่พบข้อมูล -

รายการใกล้เคียง
    หัวเรื่อง [นมแม่]
    หัวเรื่อง [การเลี้ยงลูก]

BibComment


ยังไม่เคยถูกคอมเมนท์

คอมเมนท์ทรัพยากรรายการนี้
  คอมเมนท์: พัฒนาสมองด้วยนมแม..


 Copyright 2026. Bcnsprnw @Library